| 000 | 00656nam a2200229Ia 4500 | ||
|---|---|---|---|
| 003 | OSt | ||
| 005 | 20220928113553.0 | ||
| 006 | a|||||r|||| 00| 0 | ||
| 007 | ta | ||
| 008 | 220927b |||||||| |||| 00| 0 eng d | ||
| 024 | _a57554 | ||
| 037 | _cTextual | ||
| 040 |
_aSDCL _cSDCL _beng |
||
| 041 |
_2eng _aeng |
||
| 082 | _aY33:(U42).4655'N9, N8 | ||
| 100 |
_aHumphrey Michael _9433861 |
||
| 245 | 0 | _aIslam multiculturalism and transnationalism | |
| 260 |
_aLondon _bThe Centre for Lebanese Studies _c1998 |
||
| 300 |
_avii,200p _ccm. |
||
| 942 |
_hY33:(U42).4655'N9, N8 _cTEXL _2CC |
||
| 999 |
_c750272 _d750272 |
||